000 00626nam a2200277Ia 4500
005 20260324145843.0
008 008 260324s9999 xx 000 0 eng d
020 _a9781315008776
037 _aEBOOK
040 _aCRL
040 _beng
040 _cCRL
041 _2eng
041 _aeng
084 _qCRL
100 _aRalph C S Walker
_91224415
245 0 _aKant-Arg Philosophers
260 _bTaylor and Francis
260 _c1978
365 _a
365 _b510
856 _uhttp://www.taylorfrancis.com/books/9781315008776
942 _cEBOOK
999 _c1832911
_d1832911